000 00606nam a2200193 i 4500
001 34391
003 ES-MaACL
005 20250129092359.0
007 t|
008 030207m19491957sp ||||1| spa d
100 1 _aBlanco Soler, C.,
_d1894-1962
_929295
245 1 0 _aDe mis ratos de ocio /
_cCarlos Blanco-Soler.
260 _aMadrid :
_b[s.n.],
_c1949-1957 (
_fTalls. Gráfs. Bolaños y Aguilar)
300 _a2 v. ;
_c17 cm.
852 _aES-MaACL
_jE-3775-76
_bR.40862
852 _aES-MaACL
_jE-5201
_z.- Vol. II
852 _aES-MaACL
_jE-3830
_z.- Vol. II
999 _c34391
_d34391